| 000 | 00612nam a2200205 a 4500 | ||
|---|---|---|---|
| 001 | 000022801 | ||
| 005 | 20200930021814.0 | ||
| 008 | 101118s1973 sp r 000 f spa d | ||
| 020 | _a8428702438 | ||
| 040 |
_aDO-SdBNP _bspa _cBNPHU |
||
| 082 |
_a863.64 _bZ95h |
||
| 100 | 1 |
_aZunzunegui, Juan Antonio de _946843 |
|
| 245 | 1 | 3 |
_aLa hija malograda : _bnovela / _cJuan Antonio de Zunzunegui. |
| 260 |
_aMadrid : _bPresa Española, _c1973. |
||
| 300 |
_a476 p. ; _c21 cm. |
||
| 500 | _aIncluye notas al pie de páginas | ||
| 650 | 4 |
_aNovela española _91123 |
|
| 650 | 4 |
_aLiteratura española _9632 |
|
| 049 | _aBNGR | ||
| 999 |
_c22298 _d22298 |
||